000 00786nam a2200241 a 4500
001 1146
003 BR-CuiBMT
005 20231129212540.0
008 231129s2002 mtba 000 0 por d
020 _a8590422410
040 _aBR-CuiBMT
_cBR-CuiBMT
080 _a94
_x(817.2)
_22007
090 _a94(817.2)
_bD537
245 0 0 _aDiamantino :
_bdo extrativismo a agricultua moderna /
_cJoão Carlos Barrozo (org.) ; [autores: Gisélia Silva Rocha ... et al.]
260 _aCuiabá :
_bNeru,
_c2002.
300 _a197 p. :
_bil. ;
_c21 cm
504 _ainclui índice.
650 _aDiamantino (MT)
_xHistória
650 _aMineração
_xHistória
_zMato Grosso
700 _aBarrozo, João Carlos,
_d1944-
_4org.
700 _aRocha, Gisélia Silva
_eet al.
_eautores
942 _2udc
_cLV
999 _c1146
_d1146